[Event "Basses Vallees Angevines op 4th"]
[Site "Cantenay Epinard"]
[Date "2015.12.19"]
[Round "3"]
[White "Chauveau, Theo"]
[Black "Leguillon, Jean Paul"]
[Result "0-1"]
[WhiteElo "1099"]
[BlackElo "1446"]
[PlyCount "40"]
[EventDate "2015.12.19"]
[EventType "swiss"]
[EventRounds "5"]
[EventCountry "FRA"]
[SourceTitle "EXT 2019"]
[Source "ChessBase"]
[SourceDate "2018.10.10"]
[SourceVersion "1"]
[SourceVersionDate "2018.10.10"]
[SourceQuality "1"]

1. e4 e5 2. Nf3 Nc6 3. Nc3 Nf6 4. d4 exd4 5. Nxd4 Ne5 6. Bf4 d6 7. Ndb5 a6 8. Na3 Be7 9. Bg5 h6 10. Bxf6 Bxf6 11. Nd5 0-0 12. b4 c6 13. Nxf6+ Qxf6 14. b5 axb5 15. Qc1 Re8 16. Qb2 Qg5 17. g3 Nf3+ 18. Ke2 Bg4 19. Bg2 Rxe4+ 20. Kd1 Qd2# 0-1

[Event "Basses Vallees Angevines op 4th"]
[Site "Cantenay Epinard"]
[Date "2015.12.19"]
[Round "4"]
[White "Lucazeau, Alain"]
[Black "Chauveau, Theo"]
[Result "1/2-1/2"]
[WhiteElo "1508"]
[BlackElo "1099"]
[PlyCount "101"]
[EventDate "2015.12.19"]
[EventType "swiss"]
[EventRounds "5"]
[EventCountry "FRA"]
[SourceTitle "EXT 2019"]
[Source "ChessBase"]
[SourceDate "2018.10.10"]
[SourceVersion "1"]
[SourceVersionDate "2018.10.10"]
[SourceQuality "1"]

1. e4 e5 2. f4 Nc6 3. Nf3 d6 4. f5 Nf6 5. d3 d5 6. Bg5 h6 7. Bxf6 gxf6 8. Nc3 dxe4 9. dxe4 Qxd1+ 10. Rxd1 Bb4 11. Bb5 Bd7 12. 0-0 0-0-0 13. Nd5 Bc5+ 14. Kh1 Nb4 15. Bxd7+ Rxd7 16. Nxb4 Rxd1 17. Rxd1 Bxb4 18. c3 Bd6 19. a3 Rd8 20. g4 c5 21. Rd5 b5 22. Nd2 Kc7 23. Kg2 a5 24. Kf3 a4 25. b4 axb3 26. Nxb3 c4 27. Na5 Kb6 28. Nxc4+ bxc4 29. a4 Kc6 30. h4 Ra8 31. a5 Bc5 32. g5 fxg5 33. hxg5 hxg5 34. Rxe5 Rxa5 35. Kg4 f6 36. Re6+ Kb5 37. Rxf6 Ra3 38. Kxg5 Rxc3 39. Kg6 Bd4 40. Rd6 Kc5 41. Rd5+ Kb4 42. Rxd4 Rd3 43. Rxd3 cxd3 44. f6 d2 45. f7 d1Q 46. f8Q+ Kc4 47. Qc8+ Kb3 48. Qb7+ Kc2 49. Qc6+ Kb1 50. Qb5+ Ka1 51. Qa5+ 1/2-1/2